Gears of War series - all boss battles - Statistics

General Stats
  • This quiz has been taken 75 times
  • The average score is 11 of 24
Answer Stats
Hint Answer % Correct
Gears of War General Raam
94%
Gears of War Corpser
73%
Gears of War 4 Corpser
73%
Gears of War 3 Queen Myrrah/Tempest
73%
Gears of War Brumak
71%
Gears of War 3 Brumak
71%
Gears of War 2 Skorge
67%
Gears of War 2 Leviathan
54%
Gears of War 3 Lambent Leviathan
46%
Gears of War Beserker
44%
Gears of War 2 Riftworm
44%
Gears of War 4 Swarmak
42%
Gears 5 Swarmak
42%
Gears of War 2 Lambent Brumak
40%
Gears 5 Kraken
35%
Gears of War 3 Lambent Beserker
35%
Gears of War 2 Hydra
33%
Gears 5 Matriarch
29%
Gears of War 4 Snatcher
29%
Gears of War 4 Carrier
27%
Gears of War 4 Hive Beast
21%
Gears of War 4 Pouncer
21%
Gears of War 3 Corpser Mother
17%
Gears of War 4 Kestrel
15%
No matching quizzes found
Score Distribution
Percent of People with Each Score
Percentile by Number Answered
Your Score History
You have not taken this quiz